UM Logo

Science, technology, and society / (Record no. 22095)

MARC details
000 -LEADER
fixed length control field 00803nam a22002177a 4500
005 - DATE AND TIME OF LATEST TRANSACTION
control field 20241004082426.0
008 - FIXED-LENGTH DATA ELEMENTS--GENERAL INFORMATION
fixed length control field 241002b |||||||| |||| 00| 0 eng d
020 ## - INTERNATIONAL STANDARD BOOK NUMBER
International Standard Book Number 9786210800524
082 ## - DEWEY DECIMAL CLASSIFICATION NUMBER
Classification number DFil 303.483 Al62 2024
100 ## - MAIN ENTRY--PERSONAL NAME
Personal name Almarez, David S.,
Dates associated with a name Jr.
9 (RLIN) 62184
245 ## - TITLE STATEMENT
Title Science, technology, and society /
Statement of responsibility, etc. David S. Almarez, Jr. and four others.
260 ## - PUBLICATION, DISTRIBUTION, ETC. (IMPRINT)
Place of publication, distribution, etc. Malabon City :
Name of publisher, distributor, etc. Mutya Publishing House, Inc.,
Date of publication, distribution, etc. ©2024.
300 ## - PHYSICAL DESCRIPTION
Extent 357 pages :
Other physical details illustrations ;
Dimensions 25 cm.
500 ## - GENERAL NOTE
General note Includes bibliography.
650 #0 - SUBJECT ADDED ENTRY--TOPICAL TERM
Topical term or geographic name as entry element Science
General subdivision Social aspects.
Topical term following geographic name as entry element Science
9 (RLIN) 62186
700 ## - ADDED ENTRY--PERSONAL NAME
Personal name Gallinero, Winston B.
9 (RLIN) 36993
Relator term author.
700 ## - ADDED ENTRY--PERSONAL NAME
Personal name Turiano, Arnel A.
Relator term author.
9 (RLIN) 61982
700 ## - ADDED ENTRY--PERSONAL NAME
Personal name Oñate, Rafael V.
Relator term author.
9 (RLIN) 61983
700 ## - ADDED ENTRY--PERSONAL NAME
Personal name Reyes, Michelle C.
Relator term author.
9 (RLIN) 61984
942 ## - ADDED ENTRY ELEMENTS (KOHA)
Source of classification or shelving scheme Dewey Decimal Classification
Koha item type Filipiniana
Holdings
Withdrawn status Lost status Source of classification or shelving scheme Damaged status Not for loan Collection code Home library Current library Date acquired Source of acquisition Cost, normal purchase price Total Checkouts Full call number Barcode Date last seen Price effective from Koha item type
    Dewey Decimal Classification     Filipiniana UM Digos College - LIC UM Digos College - LIC 08/20/2024 Purchased 1890.00   DFil 303.483 Al62 2024 28210 05/15/2025 10/02/2024 Filipiniana